000 00324nam a2200145Ia 4500
100 _aChandiramani/Sushil
650 _aDigital device
942 _cBK
245 _aNetworking technologies for Digital devices
260 _bNandu
_c2009
082 _a004.65/CHA
_bCHA
300 _a332
546 _aENGLISH
999 _c23858
_d23858